|
|
|
|
| LEADER |
01463cam a2200325 u 4500 |
| 001 |
10119841 |
| 003 |
upatras |
| 005 |
20210324103643.0 |
| 008 |
160411s1988 fr f fre |
| 020 |
|
|
|a 2070712435
|
| 040 |
|
|
|a GR-PaULI
|c GR-PaULI
|
| 041 |
1 |
|
|a fre
|h ger
|
| 082 |
0 |
4 |
|a 190.090 33
|
| 100 |
1 |
|
|9 6850
|a Goethe, Johann Wolfgang von,
|d 1749-1832
|4 aut
|
| 245 |
1 |
0 |
|a Conversations de Goethe avec Eckermann
|c ; traduction de Jean Chuzeville
|c ; revue et presente par Claude Roels
|
| 250 |
|
|
|a nouvelle edition
|
| 260 |
|
|
|a Paris
|b Gallimard
|c 1988
|
| 300 |
|
|
|a 641 σ.
|c 22 εκ.
|
| 490 |
0 |
|
|a Du monde entier
|
| 500 |
|
|
|a Περιλαμβάνει ευρετήριο
|
| 650 |
|
4 |
|a Γερμανική λογοτεχνία
|y 18ος αιώνας
|9 9120
|
| 600 |
1 |
4 |
|9 149957
|a Eckermann, Johann Peter,
|d 1792-1854
|v Αλληλογραφία.
|x Αλληλογραφία
|
| 600 |
1 |
4 |
|a Goethe, Johann Wolfgang von
|d 1749-1832
|v Αλληλογραφία
|x Αλληλογραφία
|9 149956
|
| 760 |
0 |
|
|a Du monde entier
|
| 700 |
1 |
|
|9 149958
|a Eckermann, Johann Peter,
|d 1792-1854
|4 trl
|
| 852 |
|
|
|a GR-PaULI
|b ΠΑΤΡΑ
|b ΦΙΛΟΣΟΦΙΑ
|k ΑΣΧΞ-4
|h GOET 190.90 33 GOE
|m 11207
|p 025000170312
|t 1
|
| 942 |
|
|
|2 ddc
|c BK15
|
| 952 |
|
|
|0 0
|1 0
|4 0
|6 GOET_190_900000000000000_33_GOE
|7 0
|9 192442
|a PHIL
|b PHIL
|d 2016-04-24
|i 11207
|l 0
|o GOET 190.90 33 GOE
|p 025000170312
|r 2016-04-24 00:00:00
|t 1
|w 2016-04-24
|y BK15
|
| 998 |
|
|
|c ΚΑΝΕΛΛΟΠΟΥΛΟΥ
|d 2016-04
|
| 999 |
|
|
|c 117954
|d 117954
|